Riadenie výkonu a spätná väzba diplomová práca

Gespeichert in:
Bibliographische Detailangaben
1. Verfasser: Straská, Patrícia
Körperschaft: Fakulta podnikového manažmentu EU. Katedra manažmentu
Weitere Verfasser: Blštáková, Jana, 1980-
Format: Buch
Sprache:Slowakisch
Veröffentlicht: Bratislava 2023
Tags: Tag hinzufügen
Keine Tags, Fügen Sie das erste Tag hinzu!

MARC

LEADER 00000nbm a2200000 4500
001 0293529
005 20240520125058.9
041 0 |a slo 
044 |a SK 
245 1 0 |a Riadenie výkonu a spätná väzba  |b diplomová práca  |c Patrícia Straská ; školiteľ: Jana Blštáková 
264 1 |a Bratislava  |c 2023 
300 |a 61 s. 
100 1 |a Straská, Patrícia 
700 1 |a Blštáková, Jana, 1980- 
710 2 |a Fakulta podnikového manažmentu EU. Katedra manažmentu